LIBRARY & INFORMATION CENTRE, KCAET, TAVANUR

ONLINE PUBLIC ACCESS CATALOGUE (OPAC)

Marine fishes / (Record no. 10251)

MARC details
000 -LEADER
fixed length control field 00437cam a2200181ua 4500
041 ## - LANGUAGE CODE
Language code of text/sound track or separate title eng
082 ## - DEWEY DECIMAL CLASSIFICATION NUMBER
Classification number 664.94
Item number BYK/MA
100 ## - MAIN ENTRY--AUTHOR NAME
Personal name Bykov, V P .
245 00 - TITLE STATEMENT
Title Marine fishes /
250 ## - EDITION STATEMENT
Edition statement 1 /
260 ## - PUBLICATION, DISTRIBUTION, ETC. (IMPRINT)
Place of publication New Delhi :
Name of publisher Amerind Publishing Co Pvt Ltd ,
Year of publication 1983.
300 ## - PHYSICAL DESCRIPTION
Number of Pages 322 ; .
942 ## - ADDED ENTRY ELEMENTS (KOHA)
Koha item type Books
Holdings
Withdrawn status Lost status Damaged status Home library Current library Date acquired Full call number Accession Number Koha item type
      KAUAET KAUAET 07/04/2012 664.94 18031 Books
free website counter